Organizing early experience : imagination and cognition in childhood /

Bibliographic Details
Other Authors: Morrison, Delmont C., 1932-
Format: Book
Language:English
Published: Amityville, N.Y. : Baywood Pub. Co., [1988]
Subjects:

MARC

Tag First Indicator Second Indicator Subfields
LEADER 00000cam a22000008a 4500
001 in00000777635
005 20151017061149.0
008 871216s1988 nyu b 00000 eng
010 |a  87037482  
020 |a 0895030519 
035 |a (OCoLC)17385153 
035 |9 ADM5860AM 
040 |a DLC  |c DLC  |d TXA  |d UtOrBLW 
049 |a TXAM  |c [A12347407] 
050 0 0 |a BF723.I5  |b O74 1988 
082 0 |a 155.4/13  |2 19 
245 0 0 |a Organizing early experience :  |b imagination and cognition in childhood /  |c editor, Delmont C. Morrison. 
264 1 |a Amityville, N.Y. :  |b Baywood Pub. Co.,  |c [1988] 
264 4 |c ©1988 
300 |a vi, 241 pages 
336 |a text  |b txt  |2 rdacontent 
337 |a unmediated  |b n  |2 rdamedia 
338 |a volume  |b nc  |2 rdacarrier 
504 |a Includes bibliographical references. 
650 0 |a Imagination in children. 
650 0 |a Cognition in children. 
650 0 |a Child psychology. 
700 1 |a Morrison, Delmont C.,  |d 1932- 
999 |a MARS 
999 f f |s 136d7228-02ae-3e60-bf54-a625b6c1e639  |i 0cd92f0b-5cc5-3c8c-9fb9-aacf243406d6  |t 0 
952 f f |p ric  |a Texas A&M University  |b Rellis Campus  |c Joint Library Facility  |d Remote Storage  |t 0  |e BF723.I5 O74 1988  |h Library of Congress classification  |i unmediated -- volume  |m A14812347407 
998 f f |a BF723.I5 O74 1988  |t 0  |l Remote Storage